[Event "TUR-chT 1st League"]
[Site "Denizli"]
[Date "2023.07.15"]
[Round "9.25"]
[White "Yilmaz, Gokcen"]
[Black "Ciftci, Zeynep"]
[Result "0-1"]
[WhiteElo "1834"]
[BlackElo "2143"]
[PlyCount "68"]
[EventDate "2023.07.09"]
[EventType "team-swiss"]
[EventRounds "9"]
[EventCountry "TUR"]
[SourceTitle "CBM 215 Extra"]
[Source "ChessBase"]
[SourceDate "2023.09.30"]
[SourceVersion "1"]
[SourceVersionDate "2023.09.30"]
[SourceQuality "1"]
[WhiteTeam "Tarsus Zeka"]
[BlackTeam "Karsiyaka Ihtisas"]
[WhiteTeamCountry "TUR"]
[BlackTeamCountry "TUR"]

1. e4 c5 2. Nf3 e6 3. c3 Nf6 4. e5 Nd5 5. d4 cxd4 6. cxd4 d6 7. a3 Bd7 8. Nbd2 Bc6 9. Nc4 Qc7 10. Bd3 Nd7 11. 0-0 Be7 12. Bg5 dxe5 13. Bxe7 Nxe7 14. dxe5 0-0 15. Rc1 h6 16. b4 Rad8 17. Qe2 Qb8 18. Rfe1 Bxf3 19. gxf3 b5 20. Nb2 Nb6 21. Qe4 Nf5 22. Qg4 Rd4 23. f4 Nd5 24. Re4 h5 25. Qf3 Rc8 26. Rce1 Qb6 27. Kh1 g6 28. Rg1 Rc3 29. h3 Rxe4 30. Qxe4 Qxf2 31. Nd1 Ng3+ 32. Rxg3 Qxg3 33. Nxc3 Qxh3+ 34. Kg1 Qg3+ 0-1

[Event "TUR-chT 1st League"]
[Site "Denizli"]
[Date "2023.07.11"]
[Round "4.15"]
[White "Mammadova, Gulnar Marfat Qizi"]
[Black "Yilmaz, Gokcen"]
[Result "1-0"]
[WhiteElo "2357"]
[BlackElo "1834"]
[PlyCount "91"]
[EventDate "2023.07.09"]
[EventType "team-swiss"]
[EventRounds "9"]
[EventCountry "TUR"]
[SourceTitle "CBM 215 Extra"]
[Source "ChessBase"]
[SourceDate "2023.09.30"]
[SourceVersion "1"]
[SourceVersionDate "2023.09.30"]
[SourceQuality "1"]
[WhiteTeam "Pamukkale Universiteli"]
[BlackTeam "Tarsus Zeka"]
[WhiteTeamCountry "TUR"]
[BlackTeamCountry "TUR"]

1. e4 c5 2. Nf3 d6 3. Bb5+ Bd7 4. Bxd7+ Qxd7 5. c4 g6 6. Nc3 Bg7 7. d4 cxd4 8. Nxd4 Nf6 9. f3 0-0 10. Be3 Nc6 11. 0-0 Rfc8 12. Nde2 Qd8 13. Rb1 Ne5 14. b3 a6 15. a4 Ned7 16. Qd2 Qa5 17. Rfc1 Qd8 18. h3 Ne8 19. Kh1 Rab8 20. Ba7 Ra8 21. Bd4 e5 22. Be3 Rc6 23. Nd5 a5 24. Nec3 b6 25. Rd1 Bf8 26. Nb5 Ndf6 27. Ndc3 Qd7 28. f4 Rd8 29. Qf2 exf4 30. Bxb6 Ra8 31. Bd4 Nh5 32. Nd5 Ng3+ 33. Kh2 Nxe4 34. Qxf4 f5 35. Nb6 Rxb6 36. Bxb6 d5 37. Rxd5 Qc6 38. Bd4 N8d6 39. Rd1 Nxb5 40. axb5 Qe6 41. Qe5 Qxe5+ 42. Bxe5 Re8 43. b6 Nc5 44. Bd6 Nxb3 45. Bxf8 Kxf8 46. b7 1-0

[Event "World School-ch U17 Girls"]
[Site "Rhodes"]
[Date "2023.04.14"]
[Round "1"]
[White "Yilmaz, Gokcen"]
[Black "Dumankyzy, Alfarabi"]
[Result "0-1"]
[WhiteElo "1948"]
[BlackElo "1470"]
[PlyCount "112"]
[EventDate "2023.04.14"]
[EventType "swiss"]
[EventRounds "9"]
[EventCountry "GRE"]
[SourceTitle "EXT 2024"]
[Source "ChessBase"]
[SourceDate "2023.10.10"]
[SourceVersion "1"]
[SourceVersionDate "2023.10.10"]
[SourceQuality "1"]

1. e4 c5 2. Nf3 e6 3. c3 Nf6 4. e5 Nd5 5. d4 cxd4 6. cxd4 d6 7. a3 Bd7 8. Nbd2 Bc6 9. Nc4 b5 10. Ne3 a6 11. Nxd5 Bxd5 12. Bf4 Nc6 13. Be2 dxe5 14. dxe5 Be7 15. 0-0 0-0 16. Rc1 Rc8 17. Bd3 Na5 18. Rxc8 Qxc8 19. Ng5 Bxg5 20. Bxg5 Bc4 21. Bxh7+ Kxh7 22. Qh5+ Kg8 23. Rd1 Nb3 24. Bf6 Bd3 25. Rxd3 Qc1+ 26. Rd1 Rc8 27. g3 Qxd1+ 28. Qxd1 Rc1 29. Qxc1 Nxc1 30. Be7 Nd3 31. b4 Nxe5 32. Bc5 Nc4 33. Kf1 Nxa3 34. Ke2 f5 35. Kd3 e5 36. Ke3 Kf7 37. Kd3 Ke6 38. Bf8 g6 39. h4 Kd5 40. Be7 Nc4 41. Bd8 Nd6 42. Bb6 e4+ 43. Kc3 Nc4 44. Bd8 e3 45. fxe3 Ke4 46. Bc7 Nxe3 47. Bb8 Nd5+ 48. Kb3 Kf3 49. Be5 Ne3 50. Kc3 Nf1 51. Kd4 Nxg3 52. Kc5 Ne2 53. Kb6 Ke4 54. Bd6 f4 55. Kxa6 f3 56. Bc5 Nd4 0-1

[Event "Konjic op 12th"]
[Site "Konjic"]
[Date "2023.03.03"]
[Round "4"]
[White "Yilmaz, Gokcen"]
[Black "Rajic, Ivan1111"]
[Result "0-1"]
[WhiteElo "1854"]
[BlackElo "2117"]
[PlyCount "86"]
[EventDate "2023.03.01"]
[EventType "swiss"]
[EventRounds "7"]
[EventCountry "BIH"]
[SourceTitle "CBM 213 Extra"]
[Source "ChessBase"]
[SourceDate "2023.05.31"]
[SourceVersion "1"]
[SourceVersionDate "2023.05.31"]
[SourceQuality "1"]

1. e4 c5 2. Nf3 d6 3. d4 cxd4 4. Nxd4 Nf6 5. Nc3 Nc6 6. f3 e5 7. Nb3 Be6 8. Be3 Be7 9. Qd2 0-0 10. 0-0-0 a5 11. Bb5 a4 12. Nxa4 d5 13. exd5 Nxd5 14. Nc3 Nxe3 15. Qxe3 Bg5 16. Rxd8 Bxe3+ 17. Rd2 Bxb3 18. cxb3 Rfd8 19. Rhd1 Rxd2 20. Rxd2 Rd8 21. Nb1 Nd4 22. Bc4 b5 23. Bd3 b4 24. Bc4 Kf8 25. a4 Nc6 26. Kd1 Bxd2 27. Nxd2 Ke7 28. Ke1 f5 29. Nf1 Kd6 30. Ne3 g6 31. Nd5 Kc5 32. Nc7 Rd7 33. Na6+ Kb6 34. Bb5 Rd4 35. h3 Na5 36. Nb8 Nxb3 37. Nd7+ Kc7 38. Nxe5 Rd2 39. Nc4 Rxg2 40. Ne3 Rxb2 41. Nd5+ Kd6 42. Nxb4 Nd4 43. Nd3 Rb1+ 0-1

[Event "TUR-ch U13/18 Girls"]
[Site "Antalya"]
[Date "2023.01.26"]
[Round "7"]
[White "Yilmaz, Gokcen"]
[Black "Ozkan, Elif"]
[Result "1-0"]
[WhiteElo "1869"]
[BlackElo "1178"]
[PlyCount "59"]
[EventDate "2023.01.17"]
[EventType "swiss"]
[EventRounds "9"]
[EventCountry "TUR"]
[SourceTitle "EXT 2024"]
[Source "ChessBase"]
[SourceDate "2023.10.10"]
[SourceVersion "1"]
[SourceVersionDate "2023.10.10"]
[SourceQuality "1"]

1. e4 c5 2. Nf3 d6 3. d4 cxd4 4. Nxd4 Nf6 5. Nc3 a6 6. f3 e6 7. Be3 Be7 8. Qd2 0-0 9. 0-0-0 Nc6 10. g4 Nxd4 11. Bxd4 Nd7 12. Kb1 b5 13. h4 Ne5 14. Qf2 Qc7 15. g5 Bb7 16. Rg1 Rac8 17. Rc1 Nc4 18. Bxc4 Qxc4 19. h5 e5 20. Be3 d5 21. Nxd5 Bxd5 22. exd5 Qxd5 23. g6 fxg6 24. hxg6 h6 25. Qh2 Rxf3 26. Bxh6 Bf6 27. Bd2 Rc4 28. Rcd1 Qe4 29. Qh7+ Kf8 30. Bb4+ 1-0

[Event "TUR-ch (Women)"]
[Site "Ayvalik"]
[Date "2022.03.06"]
[Round "3"]
[White "Yilmaz, Gokcen"]
[Black "Gokbulut, Julia"]
[Result "1/2-1/2"]
[WhiteElo "1617"]
[BlackElo "1902"]
[PlyCount "128"]
[EventDate "2022.03.05"]
[EventType "swiss"]
[EventRounds "9"]
[EventCountry "TUR"]
[SourceTitle "EXT 2023"]
[Source "ChessBase"]
[SourceDate "2022.10.05"]
[SourceVersion "1"]
[SourceVersionDate "2022.10.05"]
[SourceQuality "1"]

1. e4 c5 2. Nf3 e6 3. c3 d5 4. exd5 Qxd5 5. d4 Nf6 6. Bd3 Be7 7. 0-0 cxd4 8. cxd4 Nc6 9. Nc3 Qd8 10. h3 Nb4 11. Bb1 Nbd5 12. Bd2 Nxc3 13. Bxc3 Nd5 14. Qd3 Bf6 15. Bc2 Bd7 16. Bb3 Bc6 17. Bd2 0-0 18. Bc2 g6 19. a3 a5 20. Bh6 Bg7 21. Bxg7 Kxg7 22. Ne5 Be8 23. Qd2 Nf6 24. Rfd1 Rc8 25. Rac1 Bc6 26. Qg5 Qd5 27. f3 Rfd8 28. Qe3 Qb5 29. Bb3 Bd5 30. Bxd5 Qxd5 31. Rc3 Qb5 32. Qc1 Rxc3 33. Qxc3 Nd5 34. Qd2 Rc8 35. Ng4 Qa4 36. Qh6+ Kg8 37. Rd2 Rc1+ 38. Kh2 Qc4 39. Ne3 Qc7+ 40. g3 Nxe3 41. Qxe3 Qc4 42. Qf2 Rf1 43. Qg2 Qc1 44. Rc2 Rh1+ 45. Qxh1 Qxc2+ 46. Qg2 Qxg2+ 47. Kxg2 Kf8 48. Kf2 Ke7 49. Ke3 Kd6 50. Kd3 Kd5 51. a4 g5 52. b3 h5 53. Ke3 f6 54. Kd3 b6 55. Ke3 e5 56. dxe5 Kxe5 57. Kd3 Kd5 58. f4 gxf4 59. gxf4 h4 60. Ke3 f5 61. Kd3 Kc5 62. Kc3 Kd5 63. Kd3 Kc5 64. Kc3 Kd5 1/2-1/2

[Event "Mediterranean-ch 11th"]
[Site "Petrovac"]
[Date "2021.06.20"]
[Round "3"]
[White "Ribera Veganzones, Josep Maria"]
[Black "Yilmaz, Gokcen"]
[Result "1-0"]
[WhiteElo "2045"]
[BlackElo "1576"]
[PlyCount "27"]
[EventDate "2021.06.19"]
[EventType "swiss"]
[EventRounds "9"]
[EventCountry "MNE"]
[SourceTitle "CBM 203 Extra"]
[Source "ChessBase"]
[SourceDate "2021.09.30"]
[SourceVersion "1"]
[SourceVersionDate "2021.09.30"]
[SourceQuality "1"]

1. e4 d5 2. exd5 Qxd5 3. d4 Nc6 4. Nf3 Bg4 5. Be2 0-0-0 6. Be3 e5 7. Nc3 Qd7 8. d5 Bxf3 9. Bxf3 Nce7 10. Bxa7 Nf6 11. Qe2 Nexd5 12. Nxd5 Nxd5 13. 0-0-0 Qa4 14. Bg4+ 1-0

[Event "Mediterranean-ch 11th"]
[Site "Petrovac"]
[Date "2021.06.19"]
[Round "1"]
[White "Cvitan, Ena"]
[Black "Yilmaz, Gokcen"]
[Result "1-0"]
[WhiteElo "2238"]
[BlackElo "1576"]
[PlyCount "51"]
[EventDate "2021.06.19"]
[EventType "swiss"]
[EventRounds "9"]
[EventCountry "MNE"]
[SourceTitle "CBM 203 Extra"]
[Source "ChessBase"]
[SourceDate "2021.09.30"]
[SourceVersion "1"]
[SourceVersionDate "2021.09.30"]
[SourceQuality "1"]

1. d4 Nf6 2. c4 g6 3. Nc3 Bg7 4. e4 d6 5. h3 0-0 6. Be3 c5 7. d5 e6 8. Bd3 Na6 9. Nf3 Nc7 10. 0-0 exd5 11. exd5 b5 12. b3 Bb7 13. Qc2 b4 14. Ne2 Nfxd5 15. cxd5 Bxa1 16. Rxa1 Nxd5 17. Bg5 Qd7 18. Rd1 Nc7 19. Kh2 Ne6 20. Bf6 Qc7 21. Kg1 Bxf3 22. gxf3 d5 23. Qc1 Ng7 24. Ng3 Qd6 25. Qg5 Ne6 26. Nf5 1-0

[Event "TUR-chT 1st League"]
[Site "Konya"]
[Date "2019.07.26"]
[Round "7.2"]
[White "Anacoglu, Cisel"]
[Black "Yilmaz, Gokcen"]
[Result "1/2-1/2"]
[WhiteElo "1869"]
[BlackElo "1552"]
[PlyCount "84"]
[EventDate "2019.07.22"]
[EventType "team-swiss"]
[EventRounds "9"]
[EventCountry "TUR"]
[SourceTitle "CBM 191 Extra"]
[Source "ChessBase"]
[SourceDate "2019.09.30"]
[SourceVersion "1"]
[SourceVersionDate "2019.09.30"]
[SourceQuality "1"]
[WhiteTeam "Gokyay Vakfi"]
[BlackTeam "Varyant Genclik"]
[WhiteTeamCountry "TUR"]
[BlackTeamCountry "TUR"]

1. e4 c5 2. Nf3 d6 3. Bb5+ Bd7 4. Bxd7+ Qxd7 5. c4 Nc6 6. d4 cxd4 7. Nxd4 g6 8. Nc3 Bg7 9. Be3 Nf6 10. h3 0-0 11. 0-0 Rfc8 12. b3 a6 13. a4 Qd8 14. Qd2 Qa5 15. Rfd1 Qb4 16. Qb2 Na5 17. Rab1 Nc6 18. Qc2 Qa5 19. Nde2 Nb4 20. Qd2 Qc7 21. a5 Nd7 22. Nd5 Nxd5 23. exd5 Nc5 24. Nd4 Rab8 25. f3 Nd7 26. Ne2 Re8 27. Nd4 Rec8 28. Kh1 Qd8 29. Re1 Nf6 30. Bf2 Kf8 31. Re2 Qd7 32. Ree1 Qd8 33. Ne2 Ng8 34. Be3 Nf6 35. Bb6 Qe8 36. Nc3 Nd7 37. Ba7 Ra8 38. Be3 Rab8 39. Bh6 Bxh6 40. Qxh6+ Kg8 41. Ne4 Qf8 42. Qh4 Re8 1/2-1/2

[Event "TUR-chT 1st League"]
[Site "Konya"]
[Date "2019.07.22"]
[Round "1.10"]
[White "Yilmaz, Gokcen"]
[Black "Sahin, Sena"]
[Result "1-0"]
[WhiteElo "1552"]
[BlackElo "1217"]
[PlyCount "117"]
[EventDate "2019.07.22"]
[EventType "team-swiss"]
[EventRounds "9"]
[EventCountry "TUR"]
[SourceTitle "CBM 191 Extra"]
[Source "ChessBase"]
[SourceDate "2019.09.30"]
[SourceVersion "1"]
[SourceVersionDate "2019.09.30"]
[SourceQuality "1"]
[WhiteTeam "Varyant Genclik"]
[BlackTeam "Ankara DSI Genclik"]
[WhiteTeamCountry "TUR"]
[BlackTeamCountry "TUR"]

1. e4 e5 2. Nf3 Nc6 3. Bb5 Nf6 4. 0-0 a6 5. Bxc6 dxc6 6. Nxe5 Bd6 7. Nf3 Be7 8. Nc3 Bg4 9. h3 Bh5 10. d4 Bb4 11. e5 Nd5 12. Ne4 Qd7 13. Ng3 Bg6 14. Nh4 0-0-0 15. f4 f6 16. f5 Be8 17. e6 Qe7 18. Ne4 Ba5 19. a3 b5 20. c4 bxc4 21. Qa4 Bb6 22. Qxa6+ Kb8 23. Nf3 c5 24. Qxc4 cxd4 25. Kh1 d3 26. Rd1 g6 27. Rxd3 gxf5 28. Rxd5 Rxd5 29. Qxd5 fxe4 30. Qxe4 Bd7 31. Be3 Qxe6 32. Qxe6 Bxe6 33. Bxb6 cxb6 34. Re1 Re8 35. Kh2 Kc7 36. Kg3 Rg8+ 37. Kf2 Kd7 38. Nd4 Bd5 39. g3 Re8 40. Rxe8 Kxe8 41. Ke3 Kf7 42. Nb5 Kg6 43. Nd6 Kh5 44. Nc8 b5 45. Nd6 Bc6 46. Kf4 Bd7 47. Nf5 Kg6 48. g4 h6 49. h4 Be8 50. h5+ Kh7 51. Ke3 Bd7 52. Kd4 Kg8 53. Nxh6+ Kg7 54. Nf5+ Bxf5 55. gxf5 Kh6 56. Kd5 Kxh5 57. Ke6 Kg5 58. b3 b4 59. axb4 1-0

[Event "TUR-chT 1st League"]
[Site "Konya"]
[Date "2018.07.21"]
[Round "8.9"]
[White "Yilmaz, Gokcen"]
[Black "Esti, Kubra Selenay"]
[Result "1/2-1/2"]
[WhiteElo "1548"]
[BlackElo "1659"]
[PlyCount "93"]
[EventDate "2018.07.16"]
[EventType "team-swiss"]
[EventRounds "9"]
[EventCountry "TUR"]
[SourceTitle "EXT 2019"]
[Source "ChessBase"]
[SourceDate "2018.10.10"]
[SourceVersion "1"]
[SourceVersionDate "2018.10.10"]
[SourceQuality "1"]
[WhiteTeam "Bogazici Universitesi"]
[BlackTeam "Karman Masterler"]
[WhiteTeamCountry "TUR"]
[BlackTeamCountry "TUR"]

1. e4 g6 2. d4 Bg7 3. Nf3 c6 4. Nc3 d6 5. Bd3 Nd7 6. Be3 a6 7. 0-0 b5 8. a3 Qc7 9. Re1 Bb7 10. Ne2 Nb6 11. Ng3 Rd8 12. Qe2 Nf6 13. Bf4 0-0 14. e5 Nfd5 15. Bd2 Bc8 16. h3 c5 17. c3 Na4 18. Rab1 Nab6 19. Rbd1 Qa7 20. Rc1 c4 21. Bc2 Nc7 22. Ra1 Bb7 23. Be4 Ne6 24. Bxb7 Qxb7 25. Qe4 Qxe4 26. Rxe4 Na4 27. Rb1 dxe5 28. Nxe5 Nec5 29. Re2 Bxe5 30. dxe5 Rd7 31. Be3 Rfd8 32. Ree1 Nd3 33. Re2 Nxe5 34. Ne4 Rd1+ 35. Rxd1 Rxd1+ 36. Kh2 Nd3 37. Bd4 Naxb2 38. Nc5 Re1 39. Rxe1 Nxe1 40. Nxa6 Nc2 41. Bc5 Na4 42. Bxe7 Nxc3 43. Nc7 Kg7 44. Ne8+ Kg8 45. Nc7 Kg7 46. Ne8+ Kg8 47. Nc7 1/2-1/2

[Event "TUR-chT 1st League"]
[Site "Konya"]
[Date "2018.07.20"]
[Round "7.10"]
[White "Sural, Ceren"]
[Black "Yilmaz, Gokcen"]
[Result "1/2-1/2"]
[WhiteElo "1554"]
[BlackElo "1548"]
[PlyCount "84"]
[EventDate "2018.07.16"]
[EventType "team-swiss"]
[EventRounds "9"]
[EventCountry "TUR"]
[SourceTitle "EXT 2019"]
[Source "ChessBase"]
[SourceDate "2018.10.10"]
[SourceVersion "1"]
[SourceVersionDate "2018.10.10"]
[SourceQuality "1"]
[WhiteTeam "Karaman Saglik"]
[BlackTeam "Bogazici Universitesi"]
[WhiteTeamCountry "TUR"]
[BlackTeamCountry "TUR"]

1. f4 d5 2. Nf3 Nf6 3. e3 g6 4. b3 Bg7 5. Bb2 0-0 6. Be2 c5 7. 0-0 b6 8. Ne5 Bb7 9. d4 cxd4 10. exd4 Nc6 11. Nd2 Ne8 12. Ndf3 Nd6 13. c3 Nf5 14. Qd2 Nd6 15. Bd3 Nb8 16. Qe2 Nd7 17. Nxd7 Qxd7 18. Ne5 Qc7 19. Rac1 e6 20. Rf3 Rac8 21. Rh3 Rfe8 22. Qe1 Qd8 23. Ba3 Bf6 24. Qe2 Qc7 25. Qg4 Nf5 26. Qf3 Ne7 27. Ng4 Bg7 28. Bb2 Nf5 29. Rf1 Qe7 30. Ne5 Red8 31. Be2 Nd6 32. Ba3 Qc7 33. Bxd6 Qxd6 34. Qg4 Qe7 35. Bd1 f5 36. Qe2 Rc7 37. Rff3 Rdc8 38. Qe1 Ba6 39. Qg3 Bxe5 40. fxe5 Qa3 41. Qf2 Qc1 42. Qe1 Qa3 1/2-1/2

[Event "TUR-chT 1st League"]
[Site "Konya"]
[Date "2018.07.19"]
[Round "5.9"]
[White "Yilmaz, Gokcen"]
[Black "Aslan, Lina"]
[Result "0-1"]
[WhiteElo "1548"]
[BlackElo "1521"]
[PlyCount "62"]
[EventDate "2018.07.16"]
[EventType "team-swiss"]
[EventRounds "9"]
[EventCountry "TUR"]
[SourceTitle "EXT 2019"]
[Source "ChessBase"]
[SourceDate "2018.10.10"]
[SourceVersion "1"]
[SourceVersionDate "2018.10.10"]
[SourceQuality "1"]
[WhiteTeam "Bogazici Universitesi"]
[BlackTeam "Aydin Egitim Merkezi"]
[WhiteTeamCountry "TUR"]
[BlackTeamCountry "TUR"]

1. e4 c5 2. d4 cxd4 3. c3 dxc3 4. Nxc3 Nc6 5. Nf3 e6 6. Bc4 d6 7. 0-0 Be7 8. Qe2 Nf6 9. Rd1 e5 10. Nd5 0-0 11. Nxf6+ Bxf6 12. h3 Be6 13. Bb5 Rc8 14. Bd2 Be7 15. Bc3 Qb6 16. Bc4 Nd4 17. Nxd4 Bxc4 18. Qg4 Bf6 19. Nf5 Rcd8 20. a3 Be6 21. Rd3 Bxf5 22. exf5 d5 23. Rad1 d4 24. Bb4 Rfe8 25. h4 e4 26. Rh3 e3 27. fxe3 dxe3 28. Re1 e2+ 29. Kh1 Qf2 30. Qh5 Qf1+ 31. Kh2 Rd1 0-1

[Event "TUR-chT 1st League"]
[Site "Konya"]
[Date "2018.07.17"]
[Round "2.9"]
[White "Dursun, Poyraz"]
[Black "Yilmaz, Gokcen"]
[Result "0-1"]
[WhiteElo "1814"]
[BlackElo "1548"]
[PlyCount "170"]
[EventDate "2018.07.16"]
[EventType "team-swiss"]
[EventRounds "9"]
[EventCountry "TUR"]
[SourceTitle "EXT 2019"]
[Source "ChessBase"]
[SourceDate "2018.10.10"]
[SourceVersion "1"]
[SourceVersionDate "2018.10.10"]
[SourceQuality "1"]
[WhiteTeam "Boranlar Mersin Toyota"]
[BlackTeam "Bogazici Universitesi"]
[WhiteTeamCountry "TUR"]
[BlackTeamCountry "TUR"]

1. e4 c5 2. Nf3 d6 3. d4 cxd4 4. Nxd4 Nf6 5. Nc3 a6 6. Bc4 e6 7. a3 b5 8. Bb3 Bb7 9. 0-0 Be7 10. Re1 0-0 11. f3 Nbd7 12. Be3 Nc5 13. a4 Nxb3 14. Nxb3 b4 15. Ne2 a5 16. c3 d5 17. e5 Nd7 18. Bd4 Qc7 19. Nf4 Nc5 20. cxb4 Nxb3 21. Qxb3 Bxb4 22. Rec1 Qd7 23. Nd3 Be7 24. Nc5 Bxc5 25. Bxc5 Rfc8 26. Qe3 Bc6 27. b3 Rcb8 28. Rd1 Qb7 29. Rd3 Ra6 30. Rc1 Rc8 31. Rd4 h6 32. Rg4 Kh8 33. Rd1 d4 34. Rgxd4 Bd5 35. R4d3 Rac6 36. Rc3 Qc7 37. Rdc1 Qb7 38. Kf2 R8c7 39. Qd3 Qc8 40. b4 Kg8 41. Qd4 axb4 42. Bxb4 Rxc3 43. Rxc3 Rxc3 44. Bxc3 Qc6 45. Ke3 Kh8 46. a5 Kg8 47. Qb4 Kh7 48. Kd2 Bc4 49. Qb1+ Kg8 50. Qb8+ Kh7 51. Qb1+ Kg8 52. Bd4 Qd5 53. Kc3 Ba6 54. Qb8+ Kh7 55. Qc7 Qa2 56. Bb6 Qa3+ 57. Kc2 Qd3+ 58. Kb2 Bc4 59. Qd6 Qb3+ 60. Kc1 Qc3+ 61. Kd1 Qa1+ 62. Kc2 Qa2+ 63. Kc3 Qb3+ 64. Kd4 Qd3+ 65. Kc5 Qc2 66. Qd4 Bf1+ 67. Kd6 Bxg2 68. Qe4+ Qxe4 69. fxe4 Bxe4 70. a6 Kg6 71. a7 Kf5 72. Bd4 Ba8 73. Ke7 Kg6 74. Bf2 Bd5 75. Bd4 h5 76. Kd7 Kf5 77. Kc7 f6 78. exf6 gxf6 79. Kb8 e5 80. Bc3 Kg4 81. a8Q Bxa8 82. Kxa8 Kh3 83. Kb7 Kxh2 84. Kc6 h4 85. Kd5 Kg2 0-1

[Event "TUR-chT 1st League"]
[Site "Konya"]
[Date "2018.07.17"]
[Round "3.11"]
[White "Yilmaz, Gokcen"]
[Black "Tanir, Simay"]
[Result "1/2-1/2"]
[WhiteElo "1548"]
[BlackElo "1459"]
[PlyCount "168"]
[EventDate "2018.07.16"]
[EventType "team-swiss"]
[EventRounds "9"]
[EventCountry "TUR"]
[SourceTitle "EXT 2019"]
[Source "ChessBase"]
[SourceDate "2018.10.10"]
[SourceVersion "1"]
[SourceVersionDate "2018.10.10"]
[SourceQuality "1"]
[WhiteTeam "Bogazici Universitesi"]
[BlackTeam "Burdurspor Dernegi"]
[WhiteTeamCountry "TUR"]
[BlackTeamCountry "TUR"]

1. e4 e6 2. d4 d5 3. Bd3 Nf6 4. e5 Nfd7 5. Ne2 c5 6. c3 Nc6 7. 0-0 a6 8. Nd2 b5 9. Nf3 Qb6 10. Be3 c4 11. Bc2 a5 12. Ng5 h6 13. Nf3 a4 14. h3 Bb7 15. Nf4 Be7 16. Nh2 0-0-0 17. b3 axb3 18. axb3 Kc7 19. bxc4 bxc4 20. Qd2 Ra8 21. Ba4 Ra5 22. Rfb1 Qa7 23. Qb2 Rb8 24. Bb5 Qb6 25. Rxa5 Nxa5 26. Bxd7 Qxb2 27. Rxb2 Kxd7 28. Ng4 Nb3 29. Nh5 Bf8 30. Ra2 Kc6 31. Nf4 Kb6 32. Ne2 Ba6 33. Rb2 Ka7 34. Ng3 Rb5 35. Nh5 Ra5 36. Rc2 Kb6 37. Nxg7 Bxg7 38. Bxh6 Bxh6 39. Nxh6 Ra1+ 40. Kh2 Ka5 41. Nxf7 Ka4 42. h4 Bb5 43. h5 Be8 44. h6 Bxf7 45. h7 Bg6 46. h8Q Bxc2 47. Qa8+ Na5 48. Qe8+ Kb3 49. Qxe6 Kxc3 50. Qxd5 Bb3 51. e6 Kb2 52. Qe4 c3 53. e7 Ba4 54. d5 c2 55. Qd3 Kb1 56. Qe4 Nb3 57. g3 Kb2 58. Qe5+ Ka3 59. Qd6+ Ka2 60. Qa6 c1Q 61. Qxa4+ Kb2 62. Qxa1+ Nxa1 63. e8Q Qh6+ 64. Kg2 Nb3 65. Qe2+ Ka3 66. Qe7+ Ka4 67. d6 Nc5 68. Qa7+ Kb5 69. Qb8+ Kc4 70. Qc7 Qe6 71. Qe7 Qd5+ 72. Kh2 Qh5+ 73. Qh4+ Qxh4+ 74. gxh4 Kd5 75. h5 Ke6 76. Kh3 Ne4 77. h6 Nf6 78. Kh4 Kxd6 79. Kg5 Ke7 80. Kg6 Ke6 81. f4 Nd7 82. f5+ Ke7 83. Kg7 Nf6 84. Kh8 Kf7 1/2-1/2

[Event "TUR-chT 1st League"]
[Site "Konya"]
[Date "2018.07.16"]
[Round "1.2"]
[White "Yilmaz, Gokcen"]
[Black "Celik, Eylul"]
[Result "0-1"]
[WhiteElo "1548"]
[BlackElo "1711"]
[PlyCount "102"]
[EventDate "2018.07.16"]
[EventType "team-swiss"]
[EventRounds "9"]
[EventCountry "TUR"]
[SourceTitle "EXT 2019"]
[Source "ChessBase"]
[SourceDate "2018.10.10"]
[SourceVersion "1"]
[SourceVersionDate "2018.10.10"]
[SourceQuality "1"]
[WhiteTeam "Bogazici Universitesi"]
[BlackTeam "Ordu Buyuksehir Belediye"]
[WhiteTeamCountry "TUR"]
[BlackTeamCountry "TUR"]

1. e4 c5 2. d4 cxd4 3. c3 d3 4. c4 d6 5. h3 Nc6 6. Nf3 Nf6 7. Nc3 g6 8. Bxd3 Bg7 9. 0-0 0-0 10. Be3 b6 11. Qd2 Bb7 12. Bh6 Rc8 13. Bxg7 Kxg7 14. Nd5 e6 15. Nxf6 Qxf6 16. Rfe1 Rfd8 17. Nh2 Ne5 18. Ng4 Qh4 19. Nxe5 dxe5 20. Qc3 Rd4 21. b3 Rcd8 22. Re3 Qe7 23. Rae1 Qd6 24. Bb1 a5 25. h4 Qe7 26. h5 Qg5 27. Rh3 Qf4 28. h6+ Kg8 29. Qe3 Rd1 30. Rf3 Rxe1+ 31. Qxe1 Qxh6 32. Rd3 Rxd3 33. Bxd3 Qf8 34. Qe3 Qd6 35. Bc2 Kg7 36. Qd3 Qxd3 37. Bxd3 f5 38. f3 Kf6 39. Kf2 Ke7 40. Ke3 Kd6 41. Bf1 Kc5 42. a3 Bc6 43. Be2 h5 44. Bf1 h4 45. Be2 g5 46. Bd1 a4 47. Bc2 axb3 48. Bxb3 g4 49. fxg4 fxg4 50. Bd1 h3 51. gxh3 gxh3 0-1